000 01613nam a2200229Ia 4500
003 Ost
005 20260507075410.0
008 260507s9999||||xx |||||||||||||| ||und||
040 _cfsecg
041 _aara
082 _a330
100 _aعبد اللطيف، رشاد أحمد
_eمؤلف
245 0 _aتنظيم المجتمع وقضايا التعولم /
_c رشاد أحمد عبد اللطيف
260 _aالإسكندرية:
_bدار الوفاء لدنيا الطباعة والنشر,
_c2007
300 _a395 صفحة؛
_bإيضاحات ؛
_c24 سم
520 _aطريقة تنظيم المجتمع في إطار العولمة، تنمية المنظمات كإطار نظري لممارسة طريقة تنظيم المجتمع في الخدمة الاجتماعية، عناصر تنمية المنظمات، نماذج التدريب المجتمع لأخصائي تنظيم المجتمع، نماذج الممارسة في إطار طريقة تنظيم المجتمع، مدخل تنمية الموارد المالية بالمؤسسات الاجتماعية والحكومية، مخل دراسة الجدوى للمشروعات الاجتماعية، النظريات التي تعتمد عليها ممارسات طريقة تنظيم المجتمع، أجهزة تنظيم المجتمع، كيفية تحليل مواقف طريقة تنظيم المجتمع مع عرض بعض المواقف
653 _aالإنفتاح على العالم
653 _aالتنمية الإجتماعية
653 _aالعولمة
653 _aالمجتمع
942 _cكتاب
999 _c44389
_d44389